Statistics for Bordering Countries by Capital City #3

Click here to take the quiz!

General Stats

  • This quiz has been taken 33 times
  • The average score is 7 of 7

Answer Stats

Answer% Correct
South Sudan
100%
Ethiopia
100%
Egypt
97%
Eritrea
97%
Chad
94%
Libya
94%
Central African Republic
90%

Score Distribution

Percentile by Number Answered

Percent of People with Each Score

Your Score History

You have not taken this quiz